000 00476nam a2200193 a 4500
001 1770452608676
003 YourLibrary
005 20260207135626.0
008 260207s1996##################000#0#eng##
020 _a9780385474108
082 0 4 _a305.8097
_bGOL
100 1 _aGolden, Marita,
_eauthor.
245 1 0 _aSkin Deep :
260 _c1996.
300 _a332 pages
650 0 _aAfrican American women.
942 _cENGLISH
040 _aYourLibrary
_beng
_cYourLibrary
999 _c610911
_d610911